Selekcjonerzy reprezentacji Brazylii - nagła śmierć - Statystyki

Ogólne statystyki
  • Ten quiz został rozwiązany 40 razy
  • Średni wynik to 4 z 6
Answers on the Grid
Answers color-coded by a green-red scale on the quiz's grid according to % correct below.
Luiz Felipe Scolari
Zinedine Zidane
Carlo Ancelotti
Arsène Wenger
Mauricio Pochettino
Tite
Marcelo Bielsa
Mário Zagallo
Lionel Scaloni
Fabio Capello
Dunga
Carlos Alberto Parreira
 
Statystyki odpowiedzi
Odpowiedź % Poprawnych
Luiz Felipe Scolari
91%
Carlo Ancelotti
76%
Tite
68%
Dunga
65%
Carlos Alberto Parreira
59%
Mário Zagallo
59%
Nie znaleziono quizów pasujących do podanych kryteriów
Rozkład punktacji
Procent ludzi z każdym wynikiem
Percentyl według liczby udzielonych odpowiedzi
Twoja historia wyników
Nie rozwiązałeś tego quizu